Responses for Show #6363 - Wednesday, April 25, 2012

Contestants

[<< previous game]

Erika Myers, a therapist and academic coach from Asheville, North Carolina

Jacob Silverman, an arts and culture journalist from Brooklyn, New York

Cindy Vanderbur, a health insurance contract specialist from Madison, Indiana (whose 2-day cash winnings total $54,800)

[next game >>]

Jeopardy! Round responses

CITY SEALS (& SEA LIONS)
COCKNEY RHYMING SLANG
ORGANIZATIONS
JOHN GRISHAM TITLES
"BEAN" THERE
DUNN THAT
    $200 22
Orlando

Jacob
    $200 16
cash

Jacob
    $200 29
the YMCA

Cindy
    $200 4
Testament

Erika
    $200 1
jelly beans

Jacob
    $200 17
Saturday Night Live

Jacob
    $400 23
the Central Park Zoo

Jacob
    $400 15
a beer

Cindy
    $400 8
the American Bar Association

Cindy
    $400 5
Confession

Triple Stumper
    $400 2
a Mexican jumping bean

Cindy
    $400 18
Brooks & Dunn

Jacob
    $600 24
calligraphy

Jacob
    $600 12
a thief

Cindy
    $600 9
Soccer

Cindy
    $600 6
Client

Erika
    $600 3
Beantown

Erika
    $600 19
designated hitter

Jacob
    $800 25
(Jacob: What is Seal Beach?)

San Francisco

Jacob
Triple Stumper
    $800 13
a hat

Cindy
    $800 10
(Jacob: Uh, Philosophers' Organiz--what is the Philosophers' Organization?)
(Cindy: What is the Anthropologists' Organization?)

Anthropological

CindyJacob
Triple Stumper
    $800 7
Pelican Brief

Jacob
    $800 27
bean bag chairs

Jacob
    $800 20
Shia LaBeouf

Jacob
    $1000 26
Maine

Cindy
    $1000 14
code

Cindy
    $1,000 11
Mensa

Cindy
    $1000 30
Appeal

Triple Stumper
    $1000 28
Alan Bean

Cindy
    $1000 21
James West

Cindy

Scores at the first commercial break (after clue 15):

Cindy Jacob Erika
$4,400 $200 $1,400

Scores at the end of the Jeopardy! Round:

Cindy Jacob Erika
$7,600 $3,600 $1,400

Double Jeopardy! Round responses

ROMAN THE BIBLE
SALESWOMEN
MILES' STANDOFFISH WORDS
THE "A" TEAM
QUOTES IN AMERICAN HISTORY
METROPOLITAN OPERA
(Alex: You have to identify the place in which each opera is set.)
    $400 25
Paul (the Apostle)

Cindy
    $400 15
Fields

Jacob
    $400 1
distant

Erika
    $400 10
the Angels

Jacob
    $400 24
Jimmy Hoffa

Erika
    $400 6
Paris

Erika
    $800 26
Caesar

Cindy
    $800 19
(Erika: What is raspberry?)

strawberry jam

Erika
Triple Stumper
    $800 2
reserved

Jacob
    $800 11
the Aggies

Cindy
    $800 16
Germany

Jacob
    $800 7
Vienna

Triple Stumper
    $3,000 27
(Cindy: What is a tribune?)
...
(Cindy: Oh yeah, should have known that. Dopey me. [Smacks herself on the forehead] Oh well.)

a centurion

Cindy
    $1200 20
Windows

Jacob
    $1200 3
aloof

Jacob
    $1200 12
the Avalanche

Jacob
    $3,000 17
(Jacob: What is a wheelbarrow?)
...
(Alex: He was known as the Rail Splitter, remember? So he used [*].)

an axe

Jacob
    $1200 8
(Cindy: I'll take a guess. Um, what's Madrid?)
(Alex: No.)
(Cindy: Good guess.)

Seville

CindyErika
    $1600 28
the Pharisees

Jacob
    $1600 21
Darfur

Jacob
    $1600 4
detached

Erika
    $1600 13
Arsenal

Erika
    $1600 18
the Mayflower Compact

Cindy
    $1600 9
Nuremberg

Triple Stumper
    $2000 29
Simon

Triple Stumper
    $2000 23
Westwood

Jacob
    $2000 5
(Jacob: Rescinded? Uh, retic--what is reticent?)

withdrawn

Jacob
Triple Stumper
    $2000 14
the Alouettes

Cindy
    $2000 22
John Paul Jones

Triple Stumper
    $2000 30
Algiers

Triple Stumper

Scores at the end of the Double Jeopardy! Round:

Cindy Jacob Erika
$9,000 $9,800 $6,200

[wagering suggestions for these scores]

Final Jeopardy! Round responses

WEBSITES
(Alex: [To Jacob] He winds up with $18,799, and the grandparents are gonna be very happy with you, Jacob Silverman.)
ErikaWhat is Groupon?
$2,001
CindyWhat is Groupon.com
$8,995
JacobWhat is GroupOn?
$8,999
Groupon

Final scores:

Cindy Jacob Erika
$17,995 $18,799 $8,201
2nd place: $2,000 New champion: $18,799 3rd place: $1,000

Game dynamics:

Coryat scores:

Cindy Jacob Erika
$12,000 $12,800 $6,200
17 R
(including 1 DD),
3 W
(including 1 DD)
21 R,
4 W
(including 1 DD)
9 R,
1 W

Combined Coryat: $31,000

[game clues] [game scores] [suggest correction]

Game tape date: 2011-12-20
The J! Archive is created by fans, for fans. Scraping, republication, monetization, and malicious use prohibited; this site may use cookies and collect identifying information. See terms. The Jeopardy! game show and all elements thereof, including but not limited to copyright and trademark thereto, are the property of Jeopardy Productions, Inc. and are protected under law. This website is not affiliated with, sponsored by, or operated by Jeopardy Productions, Inc. Join the discussion at JBoard.tv.